000 00918cam a22003133a 4500
001 2360
003 PGUSA
005 20140828083013.0
008 001001s2000||||xxu|||||s|||||000 1 eng d
040 _aPGUSA
_beng
042 _adc
050 4 _aPR
100 1 _aChilders, Erskine,
_d1870-1922
245 1 4 _aThe Riddle of the Sands
_h[electronic resource] /
_cErskine Childers
260 _bProject Gutenberg,
_c2000
506 _aPublic domain in the USA.
516 _aElectronic text
653 _aFrisian Islands -- Fiction
653 _aSea stories
653 _aAdventure stories
653 _aSpy stories
653 _aSailing -- Fiction
653 _aSecret service -- Fiction
653 _aGreat Britain -- History -- Invasions -- Fiction
653 _aAlternative histories (Fiction)
830 0 _aProject Gutenberg
_v2360
856 4 0 _uhttp://www.gutenberg.org/ebooks/2360
942 _cEB
999 _c231697
_d231697